• 首页
  • 本馆介绍
  • 公告通知
  • 最新文献
  • 馆藏检索
  • 电子资源
  • 读者导购
  • 参考咨询
  • 我的图书馆
  • 登录
  • 详细信息显示
  • 放入我的书架
  • 预约/预借图书
  • 作者相关作品
  • 分类相关作品
  • 丛书相关作品
  • 出版社相关作品

书目信息

  • 表格格式
  • 工作单格式
  • 卡片格式
题名:
组织工程原理
    
 
作者: 兰扎 , Lanza , 兰诺 , Langer , 瓦康提 , Vacanti 主编 ;杨志明 译
分册:  
出版信息: 北京   化学工业出版社  2006
页数: 890页
开本: 26cm
丛书名:
单 册:
中图分类: R329
科图分类:
主题词: 人体组织学
电子资源:
ISBN: 7-5025-7604-5
000 01574nam0 2200325 450
001 012007516284
005 20070522170634.78
010    @a7-5025-7604-5@b精装@dCNY165.00
100    @a20070515d2006 km y0chiy0120 ea
101 1  @achi@ceng
102    @aCN@b110000
105    @ay z 001yy
106    @ar
200 1  @a组织工程原理@Azu zhi gong cheng yuan li@f(美)R·P·兰扎(Robert P. Lanza),(美)R·兰格(Robert Langer),(美)J·瓦康提(Joseph Vacanti)主编@F(mei)R·P·lan zha(Robert P.Lanza),(mei)R·lan ge(Robert Langer),(mei)J·wa kang ti(Joseph Vacanti)zhu bian@g杨志明等译@Gyang zhi ming deng yi
210    @a北京@c化学工业出版社@d2006
215    @a890页@d26cm
300    @a国外优秀科技著作出版专项基金资助
305    @a据原书第2版译出
330    @a本书在原著基础上增加了最新的研究成果,更加精辟、完善,并提出了一些新的理论和观点。全书首先介绍了组织工程的一些重要的基本概念并简要回顾了组织工程发展的历史;接着第1部分简要介绍了细胞生物学中相关内容;第2部分描述了体外器官合成的技术特征;第3部分说明了体内器官修复技术;第4~6部分说明了ECM的取代模型;第7~20部分论述了各种器官组织工程的特点;最后一部分阐述了组织工程涉及的法律法规问题。
606 0  @a人体组织学
690    @aR329@v4
701  1 @c(美)@a兰扎@Alan zha@bR. P.@4主编
701  1 @c(美)@aLanza@bRobert P.@4主编
701  1 @c(美)@a兰诺@Alan nuo@bR.@4主编
701  1 @c(美)@aLanger@bRobert@4主编
701  1 @c(美)@a瓦康提@Awa kang ti@bJ.@4主编
701  1 @c(美)@aVacanti@bJoseph@4主编
702  0 @a杨志明@Ayang zhi ming@4译
801  0 @aCN@bRULIN@c20070522
905    @dR329@e159@s2
    
    组织工程原理/(美)R·P·兰扎(Robert P. Lanza),(美)R·兰格(Robert Langer),(美)J·瓦康提(Joseph Vacanti)主编/杨志明等译.-北京:化学工业出版社,2006
    890页;26cm
    国外优秀科技著作出版专项基金资助
    
    ISBN 7-5025-7604-5(精装):CNY165.00
    本书在原著基础上增加了最新的研究成果,更加精辟、完善,并提出了一些新的理论和观点。全书首先介绍了组织工程的一些重要的基本概念并简要回顾了组织工程发展的历史;接着第1部分简要介绍了细胞生物学中相关内容;第2部分描述了体外器官合成的技术特征;第3部分说明了体内器官修复技术;第4~6部分说明了ECM的取代模型;第7~20部分论述了各种器官组织工程的特点;最后一部分阐述了组织工程涉及的法律法规问题。
●
相关链接 在E读中查询图书 在五车中查询图书 在当当中查询图书 在豆瓣中查询图书


正题名:组织工程原理     索取号:R329/159         预约/预借

序号 登录号 条形码 馆藏地/架位号 状态 备注
1 0574217   205742179   第二样本阅览室/ [索取号:R329/159] 在馆    
2 0574218   205742188   第三借阅区/ [索取号:R329/159] 在馆    
唐山师范学院图书馆 欢迎您!
大连网信软件有限公司© 版权所有